banner-ar

THE STORY OF ABU SIMBEL WITH THE HIGHLIGHTS OF THE HISTORY AND CIVLIZATION OF ANCIENT EGYPT / (Record no. 16294)

MARC details
000 -الفاتح
حقل البيانات ثابتة الطول 00557nam a2200193Ia 4500
008 - عناصر البيانات ثابتة الطول - معلومات عامة
حقل البيانات ثابتة الطول 140319s9999 xx 000 0 eng d
040 ## - مصدر الفهرسة
وكالة الفهرسة الأصلية GCL /
وكالة النسخ GCL
082 04 - رقم تصنيف ديوى العشرى
رقم التصنيف CC
رقم المادة 930.1
-- L S
100 1# - المدخل الرئيسى - إسم شخصى
الإسم الشخصى LATIF, DASS
245 10 - بيان العنوان
العنوان THE STORY OF ABU SIMBEL WITH THE HIGHLIGHTS OF THE HISTORY AND CIVLIZATION OF ANCIENT EGYPT /
بيان المسئوليه,etc LATIF, DASS
700 1# - المدخل الاضافى - اسم شخصى
الإسم الشخصى ASHAM, BESADA
260 ## - PUBLICATION, DISTRIBUTION, ETC. (IMPRINT)
تاريخ النشر أو التوزيع 1989
650 04 - المدخل الاضافى بالموضوع-مصطلح موضوعى
مصطلح موضوعي HISTORY
650 04 - المدخل الاضافى بالموضوع-مصطلح موضوعى
مصطلح موضوعي EGYPTOLOGY
650 04 - المدخل الاضافى بالموضوع-مصطلح موضوعى
مصطلح موضوعي EGYPT - ANTIQUITIES
650 04 - المدخل الاضافى بالموضوع-مصطلح موضوعى
مصطلح موضوعي TEMPLE OF ABU SIMBEL
942 ## - عناصر المدخل الإضافي( كوها)
مصدر التصنيف او مخطط الترفيف Dewey Decimal Classification
Koha [default] item type كتاب
260 ## - PUBLICATION, DISTRIBUTION, ETC. (IMPRINT)
-- [S.N] :
-- LONGMAN ،
Holdings
حالة التراجع حالة الفقد حالة تلف ليس للاعارة المكان المؤقت الموقع الحالى تاريخ الاكتساب اجمالي اﻻعارات رقم الطلب الباركود تاريخ اخر مشاهدة تاريخ تفعيل السعر نوع وعاء كوها
        مكتبة القاهرة الكبرى مكتبة القاهرة الكبرى 03/26/2014   CC\930.1\L S 29692 03/26/2014 03/26/2014 كتاب
        مكتبة القاهرة الكبرى مكتبة القاهرة الكبرى 03/26/2014   CC\930.1\L S 29693 03/26/2014 03/26/2014 كتاب

Powered By

EGPV